UBT Library

Volejboll (Record no. 55052)

000 -LEADER
fixed length control field 00289nam a22001337a 4500
008 - FIXED-LENGTH DATA ELEMENTS--GENERAL INFORMATION
fixed length control field 200205b ||||| |||| 00| 0 eng d
041 ## - LANGUAGE CODE
Language code of text/sound track or separate title eng
080 ## - UNIVERSAL DECIMAL CLASSIFICATION NUMBER
Edition identifier 615.83
Universal Decimal Classification number 615.83
082 ## - DEWEY DECIMAL CLASSIFICATION NUMBER
Classification number 615.83
100 ## - Rafti
Rafti 8
101 ## - Shkurtesa
Shkurtesa EGZ
245 ## - TITLE STATEMENT
Title Volejboll
Statement of responsibility, etc Tahiraj,E
942 ## - ADDED ENTRY ELEMENTS (KOHA)
Source of classification or shelving scheme
Item type Books
Holdings
Withdrawn status Lost status Source of classification or shelving scheme Damaged status Not for loan Collection code Permanent location Current location Shelving location Date acquired Total Checkouts Full call number Barcode Date last seen Price effective from Koha item type
          Koleksioni i përgjithshem UBT - Lipjan UBT - Lipjan Koleksioni i përgjithshem 02/05/2020   615.83 TAH 002-7000226 02/05/2020 02/05/2020 Books
          Koleksioni i përgjithshem UBT - Lipjan UBT - Lipjan Koleksioni i përgjithshem 02/05/2020   615.83 TAH 002-7000221 02/05/2020 02/05/2020 Books
          Koleksioni i përgjithshem UBT - Lipjan UBT - Lipjan Koleksioni i përgjithshem 02/05/2020   615.83 TAH 002-7000242 02/05/2020 02/05/2020 Books
          Koleksioni i përgjithshem UBT - Lipjan UBT - Lipjan Koleksioni i përgjithshem 02/05/2020   615.83 TAH 002-7000211 02/05/2020 02/05/2020 Books
          Koleksioni i përgjithshem UBT - Lipjan UBT - Lipjan Koleksioni i përgjithshem 02/05/2020   615.83 TAH 002-7000206 02/05/2020 02/05/2020 Books
UBT Library © 2015-2024. All rights reserved University Education for Business and Technology